<?xml version="1.0" encoding="UTF-8"?>
<record
    xmlns:xsi="http://www.w3.org/2001/XMLSchema-instance"
    xsi:schemaLocation="http://www.loc.gov/MARC21/slim http://www.loc.gov/standards/marcxml/schema/MARC21slim.xsd"
    xmlns="http://www.loc.gov/MARC21/slim">

  <leader>00828nam a2200193 i 4500</leader>
  <controlfield tag="001">51942</controlfield>
  <controlfield tag="003">ES-MaACL</controlfield>
  <controlfield tag="005">20230906162457.0</controlfield>
  <controlfield tag="007">t|</controlfield>
  <controlfield tag="008">030821s1897    sp           |||| | spa d</controlfield>
  <datafield tag="100" ind1="1" ind2=" ">
    <subfield code="a">Chicote, C&#xE9;sar.</subfield>
    <subfield code="9">38494</subfield>
  </datafield>
  <datafield tag="245" ind1="1" ind2="3">
    <subfield code="a">El saneamiento de San Sebasti&#xE1;n </subfield>
    <subfield code="b">: informe de un anteproyecto de saneamiento de la parte antigua / </subfield>
    <subfield code="c">por C&#xE9;sar Chicote.</subfield>
  </datafield>
  <datafield tag="260" ind1=" " ind2=" ">
    <subfield code="a">San Sebasti&#xE1;n : </subfield>
    <subfield code="b">[s.n.], </subfield>
    <subfield code="c">1897 (</subfield>
    <subfield code="f">Imp. de J. Baroja e Hijo)</subfield>
  </datafield>
  <datafield tag="300" ind1=" " ind2=" ">
    <subfield code="a">25 p. ; </subfield>
    <subfield code="c">27 cm.</subfield>
  </datafield>
  <datafield tag="530" ind1=" " ind2=" ">
    <subfield code="a">Disponible en formato digital.</subfield>
  </datafield>
  <datafield tag="650" ind1=" " ind2="4">
    <subfield code="a">Salubridad p&#xFA;blica-</subfield>
    <subfield code="z">San Sebasti&#xE1;n.</subfield>
    <subfield code="9">166318</subfield>
  </datafield>
  <datafield tag="852" ind1=" " ind2=" ">
    <subfield code="a">ES-MaACL</subfield>
    <subfield code="j">R-1748(3)   </subfield>
    <subfield code="z">- Encuadernado con otras obras  </subfield>
    <subfield code="x"> Olim : T-651-F</subfield>
  </datafield>
  <datafield tag="856" ind1=" " ind2=" ">
    <subfield code="u">http://bibliotecavirtual.ranf.com/i18n/consulta/registro.cmd?id=11115</subfield>
    <subfield code="z">Biblioteca Virtual de la Real Academia Nacional de Farmacia</subfield>
  </datafield>
  <datafield tag="999" ind1=" " ind2=" ">
    <subfield code="c">51942</subfield>
    <subfield code="d">51942</subfield>
  </datafield>
  <datafield tag="952" ind1=" " ind2=" ">
    <subfield code="0">0</subfield>
    <subfield code="1">0</subfield>
    <subfield code="4">0</subfield>
    <subfield code="7">0</subfield>
    <subfield code="8">Colecci&#xF3;n_digital</subfield>
    <subfield code="a">ATENEOM</subfield>
    <subfield code="b">ATENEOM</subfield>
    <subfield code="c">DEPO</subfield>
    <subfield code="d">2008-01-17</subfield>
    <subfield code="e">SC</subfield>
    <subfield code="l">0</subfield>
    <subfield code="o">R-1748(3)</subfield>
    <subfield code="p">1054613</subfield>
    <subfield code="r">2023-02-23 00:00:00</subfield>
    <subfield code="w">2023-02-23</subfield>
    <subfield code="y">MONANT</subfield>
  </datafield>
</record>
